[Event "MMM"]
[Site "Galaxy Gesia 22a - Krakow"]
[Date "2022.06.16"]
[Round "1.12"]
[White "Dziewonski, Dariusz"]
[Black "Melaa, Sondre"]
[Result "0-1"]
[BlackElo "2178"]
[WhiteElo "2015"]
[LiveChessVersion "1.4.8"]

1. e4 {[%clk 1:30:58]} e5 {[%clk 1:22:38]} 2. Nf3 {[%clk 1:31:25]} Nc6
{[%clk 1:22:59]} 3. Bb5 {[%clk 1:31:50]} a6 {[%clk 1:23:12]} 4. Ba4
{[%clk 1:32:16]} Nf6 {[%clk 1:23:22]} 5. O-O {[%clk 1:32:39]} Nxe4
{[%clk 1:23:31]} 6. d4 {[%clk 1:29:16]} Be7 {[%clk 1:23:52]} 7. Re1
{[%clk 1:23:26]} b5 {[%clk 1:24:08]} 8. Bb3 {[%clk 1:19:15]} d5 {[%clk 1:24:29]}
9. dxe5 {[%clk 1:17:40]} Be6 {[%clk 1:24:37]} 10. c3 {[%clk 1:15:30]} O-O
{[%clk 1:24:38]} 11. Nbd2 {[%clk 1:12:54]} Nc5 {[%clk 1:24:57]} 12. Bc2
{[%clk 1:12:30]} d4 {[%clk 1:25:18]} 13. cxd4 {[%clk 1:09:05]} Nxd4
{[%clk 1:25:38]} 14. Nxd4 {[%clk 1:04:55]} Qxd4 {[%clk 1:25:58]} 15. Nb3
{[%clk 1:01:21]} Qxd1 {[%clk 1:19:14]} 16. Rxd1 {[%clk 1:01:35]} Nxb3
{[%clk 1:16:01]} 17. Bxb3 {[%clk 0:59:56]} Bxb3 {[%clk 1:13:26]} 18. axb3
{[%clk 1:00:23]} Rfd8 {[%clk 1:12:44]} 19. Be3 {[%clk 0:57:28]} Rxd1+
{[%clk 1:05:08]} 20. Rxd1 {[%clk 0:57:53]} Rd8 {[%clk 1:05:21]} 21. Rxd8+
{[%clk 0:57:15]} Bxd8 {[%clk 1:05:44]} 22. Bc5 {[%clk 0:56:54]} Bg5
{[%clk 1:05:31]} 23. Bd4 {[%clk 0:48:27]} Bc1 {[%clk 1:02:26]} 24. Kf1
{[%clk 0:47:09]} Kf8 {[%clk 1:01:28]} 25. Ke2 {[%clk 0:37:18]} Ke7
{[%clk 0:54:45]} 26. Kd3 {[%clk 0:33:31]} Ke6 {[%clk 0:54:51]} 27. b4
{[%clk 0:32:18]} Kd5 {[%clk 0:47:34]} 28. g3 {[%clk 0:32:19]} g5 {[%clk 0:40:58]}
29. f3 {[%clk 0:29:23]} h5 {[%clk 0:36:22]} 30. Bc3 {[%clk 0:25:39]} h4
{[%clk 0:36:19]} 31. gxh4 {[%clk 0:20:53]} gxh4 {[%clk 0:36:38]} 32. h3
{[%clk 0:21:18]} Bf4 {[%clk 0:22:06]} 33. Be1 {[%clk 0:21:42]} Bg3
{[%clk 0:22:16]} 34. Bxg3 {[%clk 0:08:36]} hxg3 {[%clk 0:22:40]} 35. Ke3
{[%clk 0:03:07]} Kxe5 {[%clk 0:23:03]} 36. f4+ {[%clk 0:03:35]} Kf5
{[%clk 0:23:26]} 37. Kf3 {[%clk 0:04:02]} g2 {[%clk 0:23:50]} 38. Kxg2
{[%clk 0:04:29]} Kxf4 {[%clk 0:24:13]} 39. Kf2 {[%clk 0:04:35]} f6
{[%clk 0:24:22]} 40. Kg2 {[%clk 0:04:50]} Ke3 {[%clk 0:24:37]} 41. Kg3
{[%clk 0:04:58]} f5 {[%clk 0:24:43]} 42. Kg2 {[%clk 0:02:47]} f4 {[%clk 0:24:47]}
43. Kf1 {[%clk 0:03:01]} Kf3 {[%clk 0:25:12]} 0-1

[Event "MMM"]
[Site "Galaxy Gesia 22a - Krakow"]
[Date "2022.06.16"]
[Round "1.13"]
[White "Golenia, Wojciech"]
[Black "Wnek, Filip"]
[Result "1-0"]
[BlackElo "2002"]
[WhiteElo "2130"]
[LiveChessVersion "1.4.8"]

1. e4 {[%clk 1:30:56]} c5 {[%clk 1:30:52]} 2. Nf3 {[%clk 1:31:11]} d6
{[%clk 1:31:14]} 3. d4 {[%clk 1:30:53]} cxd4 {[%clk 1:31:37]} 4. Nxd4
{[%clk 1:31:17]} Nf6 {[%clk 1:32:00]} 5. Nc3 {[%clk 1:31:37]} a6 {[%clk 1:32:23]}
6. Bg5 {[%clk 1:31:57]} e6 {[%clk 1:32:46]} 7. f4 {[%clk 1:32:00]} Be7
{[%clk 1:33:02]} 8. Qf3 {[%clk 1:31:52]} h6 {[%clk 1:33:24]} 9. Bh4
{[%clk 1:28:46]} Nbd7 {[%clk 1:33:47]} 10. O-O-O {[%clk 1:19:55]} Qc7
{[%clk 1:34:11]} 11. g4 {[%clk 1:11:04]} g5 {[%clk 1:33:58]} 12. fxg5
{[%clk 0:58:41]} Ne5 {[%clk 1:34:16]} 13. Qg3 {[%clk 0:53:30]} Nfxg4
{[%clk 1:23:48]} 14. gxh6 {[%clk 0:50:49]} Bxh4 {[%clk 1:23:44]} 15. Qxh4
{[%clk 0:51:00]} Rxh6 {[%clk 1:23:47]} 16. Qg3 {[%clk 0:47:39]} Bd7
{[%clk 1:19:08]} 17. Be2 {[%clk 0:44:32]} Rg6 {[%clk 1:18:50]} 18. h4
{[%clk 0:40:40]} Nf6 {[%clk 1:18:20]} 19. Qf4 {[%clk 0:37:16]} Neg4
{[%clk 1:04:33]} 20. Bxg4 {[%clk 0:28:36]} Nxg4 {[%clk 1:04:44]} 21. h5
{[%clk 0:27:29]} Rg8 {[%clk 1:02:07]} 22. h6 {[%clk 0:22:55]} Ne5
{[%clk 0:38:50]} 23. h7 {[%clk 0:21:28]} Rh8 {[%clk 0:39:14]} 24. Qf6
{[%clk 0:19:55]} Ng6 {[%clk 0:39:34]} 25. Rdg1 {[%clk 0:17:44]} Qd8
{[%clk 0:38:59]} 26. Qg7 {[%clk 0:15:58]} Qb6 {[%clk 0:36:59]} 27. Qg8+
{[%clk 0:12:11]} Ke7 {[%clk 0:36:33]} 28. Nf5+ {[%clk 0:12:18]} exf5
{[%clk 0:36:55]} 29. Nd5+ {[%clk 0:12:37]} Ke6 {[%clk 0:37:06]} 30. Rxg6+
{[%clk 0:12:48]} Ke5 {[%clk 0:37:07]} 31. Nxb6 {[%clk 0:12:47]} 1-0

[Event "MMM"]
[Site "Galaxy Gesia 22a - Krakow"]
[Date "2022.06.16"]
[Round "1.14"]
[White "Cieslak, Patryk"]
[Black "Rosol, Alexander"]
[Result "1-0"]
[BlackElo "2104"]
[WhiteElo "1984"]
[LiveChessVersion "1.4.8"]

1. e4 {[%clk 1:30:57]} d6 {[%clk 1:30:45]} 2. d4 {[%clk 1:31:19]} Nf6
{[%clk 1:31:09]} 3. f3 {[%clk 1:31:06]} e5 {[%clk 1:31:06]} 4. dxe5
{[%clk 1:31:26]} dxe5 {[%clk 1:31:29]} 5. Qxd8+ {[%clk 1:31:52]} Kxd8
{[%clk 1:31:55]} 6. Bc4 {[%clk 1:32:07]} Ke8 {[%clk 1:31:42]} 7. Be3
{[%clk 1:30:04]} Nbd7 {[%clk 1:28:39]} 8. a4 {[%clk 1:20:23]} a5 {[%clk 1:28:24]}
9. Nd2 {[%clk 1:19:10]} Bc5 {[%clk 1:24:54]} 10. Kf2 {[%clk 1:17:55]} Bxe3+
{[%clk 1:20:54]} 11. Kxe3 {[%clk 1:18:23]} Nc5 {[%clk 1:20:53]} 12. Ne2
{[%clk 1:03:50]} Bd7 {[%clk 1:18:16]} 13. b3 {[%clk 0:55:06]} c6 {[%clk 1:17:07]}
14. Nc1 {[%clk 0:54:41]} b5 {[%clk 1:10:05]} 15. Nd3 {[%clk 0:52:05]} Nb7
{[%clk 1:00:52]} 16. axb5 {[%clk 0:51:54]} cxb5 {[%clk 1:01:20]} 17. Bd5
{[%clk 0:51:44]} Nxd5+ {[%clk 1:01:05]} 18. exd5 {[%clk 0:52:12]} f6
{[%clk 0:59:40]} 19. c4 {[%clk 0:48:07]} Bf5 {[%clk 0:46:32]} 20. Ne4
{[%clk 0:46:01]} Ke7 {[%clk 0:41:44]} 21. Rhc1 {[%clk 0:37:58]} Rhd8
{[%clk 0:35:02]} 22. Ndc5 {[%clk 0:36:35]} Nxc5 {[%clk 0:31:49]} 23. Nxc5
{[%clk 0:37:03]} Rdb8 {[%clk 0:31:44]} 24. Ne4 {[%clk 0:31:25]} Bxe4
{[%clk 0:25:50]} 25. fxe4 {[%clk 0:31:05]} bxc4 {[%clk 0:26:10]} 26. bxc4
{[%clk 0:31:29]} Rb3+ {[%clk 0:26:28]} 27. Kd2 {[%clk 0:29:10]} Rb2+
{[%clk 0:23:14]} 28. Kd3 {[%clk 0:26:05]} f5 {[%clk 0:16:49]} 29. Rcb1
{[%clk 0:21:57]} Rxg2 {[%clk 0:12:14]} 30. Rb7+ {[%clk 0:22:05]} Kf6
{[%clk 0:10:54]} 31. c5 {[%clk 0:20:08]} Rxh2 {[%clk 0:07:50]} 32. c6
{[%clk 0:16:40]} fxe4+ {[%clk 0:04:06]} 33. Kc3 {[%clk 0:17:01]} Rh3+
{[%clk 0:02:46]} 34. Kc4 {[%clk 0:16:59]} Rd3 {[%clk 0:02:48]} 35. Rf1+
{[%clk 0:14:01]} Rf3 {[%clk 0:02:36]} 36. Rd1 {[%clk 0:11:54]} Rc8
{[%clk 0:02:22]} 37. Kc5 {[%clk 0:10:47]} h5 {[%clk 0:02:23]} 38. Kd6
{[%clk 0:10:28]} Kg5 {[%clk 0:00:42]} 39. Rg1+ {[%clk 0:09:09]} Kf4
{[%clk 0:01:03]} 40. c7 {[%clk 0:06:03]} Ke3 {[%clk 0:00:57]} 41. Rb8
{[%clk 0:05:09]} Rff8 {[%clk 0:00:35]} 42. Rxc8 {[%clk 0:05:19]} Rxc8
{[%clk 0:01:04]} 43. Kd7 {[%clk 0:05:40]} Rg8 {[%clk 0:00:58]} 44. c8=Q
{[%clk 0:06:00]} Rxc8 {[%clk 0:01:24]} 45. Kxc8 {[%clk 0:06:28]} Kf2
{[%clk 0:01:37]} 46. Ra1 {[%clk 0:06:28]} 1-0

[Event "MMM"]
[Site "Galaxy Gesia 22a - Krakow"]
[Date "2022.06.16"]
[Round "1.16"]
[White "Matei, Adrian"]
[Black "Ten Have, Roland"]
[Result "1-0"]
[BlackElo "1957"]
[WhiteElo "1792"]
[LiveChessVersion "1.4.8"]

1. e4 {[%clk 1:30:51]} e6 {[%clk 1:30:49]} 2. d3 {[%clk 1:31:00]} c5
{[%clk 1:29:17]} 3. c3 {[%clk 1:30:49]} Nc6 {[%clk 1:29:01]} 4. Nf3
{[%clk 1:30:49]} d5 {[%clk 1:27:35]} 5. Nbd2 {[%clk 1:30:39]} Be7
{[%clk 1:25:14]} 6. g3 {[%clk 1:30:22]} Nf6 {[%clk 1:24:12]} 7. Bg2
{[%clk 1:30:00]} O-O {[%clk 1:24:08]} 8. O-O {[%clk 1:30:02]} Re8
{[%clk 1:21:24]} 9. Re1 {[%clk 1:29:50]} b6 {[%clk 1:17:19]} 10. Qc2
{[%clk 1:21:17]} Bb7 {[%clk 1:13:46]} 11. Nf1 {[%clk 1:20:42]} Qc7
{[%clk 1:09:10]} 12. Bf4 {[%clk 1:17:39]} e5 {[%clk 1:07:36]} 13. Bg5
{[%clk 1:12:05]} d4 {[%clk 1:03:56]} 14. Nh4 {[%clk 1:02:55]} h6 {[%clk 0:53:12]}
15. Bd2 {[%clk 1:02:12]} Rad8 {[%clk 0:52:00]} 16. Nf5 {[%clk 0:56:23]} dxc3
{[%clk 0:47:04]} 17. Bxc3 {[%clk 0:47:21]} Bf8 {[%clk 0:44:54]} 18. Rad1
{[%clk 0:42:31]} Qb8 {[%clk 0:35:40]} 19. Nd2 {[%clk 0:34:25]} b5
{[%clk 0:30:04]} 20. Nb3 {[%clk 0:33:44]} Nd4 {[%clk 0:22:18]} 21. Nbxd4
{[%clk 0:26:51]} cxd4 {[%clk 0:22:07]} 22. Ba5 {[%clk 0:25:30]} Rc8
{[%clk 0:21:46]} 23. Qd2 {[%clk 0:25:44]} Nd7 {[%clk 0:20:21]} 24. Rc1
{[%clk 0:23:51]} Rxc1 {[%clk 0:19:30]} 25. Rxc1 {[%clk 0:24:10]} Rc8
{[%clk 0:19:53]} 26. Bh3 {[%clk 0:22:40]} Rxc1+ {[%clk 0:18:16]} 27. Qxc1
{[%clk 0:23:02]} Nc5 {[%clk 0:18:17]} 28. Qc2 {[%clk 0:19:05]} g6
{[%clk 0:18:20]} 29. Nxh6+ {[%clk 0:16:06]} Kg7 {[%clk 0:17:47]} 30. Qd2
{[%clk 0:10:16]} Nxd3 {[%clk 0:13:31]} 31. Ng4 {[%clk 0:09:14]} f5
{[%clk 0:03:31]} 32. exf5 {[%clk 0:07:09]} Be4 {[%clk 0:02:36]} 33. Qh6+
{[%clk 0:07:03]} 1-0

[Event "MMM"]
[Site "Galaxy Gesia 22a - Krakow"]
[Date "2022.06.16"]
[Round "1.18"]
[White "Grzadka, Artur"]
[Black "Paprocki, Antoni"]
[Result "0-1"]
[BlackElo "1949"]
[WhiteElo "1786"]
[LiveChessVersion "1.4.8"]

1. d4 {[%clk 1:30:58]} Nf6 2. c4 {[%clk 1:31:24]} e6 {[%clk 1:31:08]} 3. Nf3
{[%clk 1:31:43]} d5 {[%clk 1:30:22]} 4. Nc3 {[%clk 1:31:53]} Bb4 {[%clk 1:28:33]}
5. Qa4+ {[%clk 1:26:23]} Nc6 {[%clk 1:28:56]} 6. cxd5 {[%clk 1:23:33]} exd5
{[%clk 1:29:06]} 7. Bg5 {[%clk 1:15:49]} h6 {[%clk 1:26:14]} 8. Bxf6
{[%clk 1:15:49]} Qxf6 {[%clk 1:26:35]} 9. e3 {[%clk 1:09:52]} O-O
{[%clk 1:20:20]} 10. Bd3 {[%clk 0:57:32]} Rd8 {[%clk 1:05:30]} 11. O-O
{[%clk 0:56:37]} a5 {[%clk 0:59:13]} 12. a3 {[%clk 0:46:38]} Bf8 {[%clk 0:57:22]}
13. Qb5 {[%clk 0:33:00]} Qd6 {[%clk 0:51:43]} 14. Rfe1 {[%clk 0:17:50]} Bg4
{[%clk 0:43:12]} 15. Nd2 {[%clk 0:16:48]} Ne7 {[%clk 0:29:21]} 16. h3
{[%clk 0:12:56]} c6 {[%clk 0:28:01]} 17. Qb3 {[%clk 0:12:11]} Bf5
{[%clk 0:27:49]} 18. Qc2 {[%clk 0:10:17]} g6 {[%clk 0:24:52]} 19. Nf3
{[%clk 0:06:53]} Bg7 {[%clk 0:24:42]} 20. Na4 {[%clk 0:05:27]} Bxd3
{[%clk 0:19:22]} 21. Qxd3 {[%clk 0:05:52]} Nf5 {[%clk 0:18:06]} 22. Nc5
{[%clk 0:03:53]} Qe7 {[%clk 0:14:54]} 23. Qc3 {[%clk 0:02:17]} b6
{[%clk 0:11:51]} 24. Na4 {[%clk 0:01:42]} Qb7 {[%clk 0:11:30]} 25. Rec1
{[%clk 0:01:17]} c5 {[%clk 0:09:21]} 26. Qb3 {[%clk 0:00:57]} cxd4
{[%clk 0:09:07]} 27. Nxd4 {[%clk 0:01:22]} Nxd4 {[%clk 0:07:03]} 28. exd4
{[%clk 0:01:51]} Bxd4 {[%clk 0:05:10]} 29. Rd1 {[%clk 0:02:11]} Bg7
{[%clk 0:05:04]} 30. Qxb6 {[%clk 0:02:23]} Qd7 {[%clk 0:04:56]} 31. Nc3
{[%clk 0:01:26]} d4 {[%clk 0:03:58]} 32. Ne4 {[%clk 0:00:50]} Qf5
{[%clk 0:02:45]} 33. Ng3 {[%clk 0:00:41]} Qd5 {[%clk 0:02:53]} 34. b4
{[%clk 0:00:40]} d3 {[%clk 0:02:02]} 35. Rac1 {[%clk 0:00:35]} Bd4
{[%clk 0:01:09]} 36. Qc6 {[%clk 0:00:41]} Qa2 {[%clk 0:00:57]} 37. Qf3
{[%clk 0:00:34]} Qxa3 {[%clk 0:01:23]} 38. bxa5 {[%clk 0:00:56]} Rxa5
{[%clk 0:01:17]} 39. Rc7 {[%clk 0:00:48]} Qb3 {[%clk 0:01:25]} 40. Nf1
{[%clk 0:00:33]} Rf5 {[%clk 0:01:44]} 0-1

[Event "MMM"]
[Site "Galaxy Gesia 22a - Krakow"]
[Date "2022.06.16"]
[Round "1.20"]
[White "Marciniak, Leonard"]
[Black "Maj, Samuel"]
[Result "0-1"]
[BlackElo "1935"]
[WhiteElo "1775"]
[LiveChessVersion "1.4.8"]

1. d4 {[%clk 1:30:54]} Nf6 {[%clk 1:30:57]} 2. c4 {[%clk 1:31:09]} g6
{[%clk 1:31:18]} 3. Nc3 {[%clk 1:31:29]} Bg7 {[%clk 1:31:40]} 4. g3
{[%clk 1:31:34]} O-O {[%clk 1:32:01]} 5. Bg2 {[%clk 1:31:57]} d6 {[%clk 1:32:26]}
6. Nf3 {[%clk 1:31:58]} Nc6 {[%clk 1:31:26]} 7. O-O {[%clk 1:32:10]} a6
{[%clk 1:30:18]} 8. Bf4 {[%clk 1:32:10]} Nh5 {[%clk 1:21:58]} 9. d5
{[%clk 1:19:59]} Nxf4 {[%clk 1:15:31]} 10. gxf4 {[%clk 1:20:21]} Nb8
{[%clk 1:13:56]} 11. Nd4 {[%clk 1:18:18]} e5 {[%clk 1:06:12]} 12. dxe6
{[%clk 1:06:12]} fxe6 {[%clk 1:04:27]} 13. e3 {[%clk 1:03:21]} Qe8
{[%clk 0:59:50]} 14. Nce2 {[%clk 0:56:52]} Nc6 {[%clk 0:56:25]} 15. Qd2
{[%clk 0:53:26]} Bd7 {[%clk 0:53:07]} 16. Rac1 {[%clk 0:52:22]} e5
{[%clk 0:48:42]} 17. Nxc6 {[%clk 0:44:07]} Bxc6 {[%clk 0:47:52]} 18. Bxc6
{[%clk 0:42:50]} bxc6 {[%clk 0:45:22]} 19. fxe5 {[%clk 0:35:15]} Qxe5
{[%clk 0:43:53]} 20. c5 {[%clk 0:28:07]} Rad8 {[%clk 0:38:04]} 21. cxd6
{[%clk 0:23:57]} Rxd6 {[%clk 0:38:05]} 22. Qb4 {[%clk 0:24:01]} Qxb2
{[%clk 0:31:55]} 23. Qxb2 {[%clk 0:22:15]} Bxb2 {[%clk 0:32:22]} 24. Rc2
{[%clk 0:22:12]} Be5 {[%clk 0:30:00]} 25. Rfc1 {[%clk 0:19:51]} a5
{[%clk 0:25:38]} 26. f4 {[%clk 0:18:01]} Bg7 {[%clk 0:24:49]} 27. Rxc6
{[%clk 0:18:10]} Rd3 {[%clk 0:24:25]} 28. Kf2 {[%clk 0:16:28]} Re8
{[%clk 0:24:11]} 29. Rxc7 {[%clk 0:15:54]} Rdxe3 {[%clk 0:24:16]} 30. R1c2
{[%clk 0:15:36]} a4 {[%clk 0:21:25]} 31. Rb7 {[%clk 0:12:54]} Bf6
{[%clk 0:20:28]} 32. Rb6 {[%clk 0:08:28]} Bh4+ {[%clk 0:15:22]} 33. Ng3
{[%clk 0:07:32]} R3e4 {[%clk 0:13:00]} 34. Kf3 {[%clk 0:07:11]} Rd4
{[%clk 0:12:06]} 35. Rb7 {[%clk 0:03:54]} Rd3+ {[%clk 0:08:44]} 36. Kg4
{[%clk 0:03:13]} Bf6 {[%clk 0:07:36]} 37. Kh3 {[%clk 0:02:26]} Rd4
{[%clk 0:01:29]} 38. Rcc7 {[%clk 0:01:40]} h5 {[%clk 0:01:11]} 39. Rc6
{[%clk 0:01:04]} Rxf4 {[%clk 0:01:11]} 40. Rc2 {[%clk 0:00:39]} h4
{[%clk 0:01:22]} 41. Ne2 {[%clk 0:00:35]} Rf2 {[%clk 0:01:32]} 42. Rc6
{[%clk 0:00:43]} Kf8 {[%clk 0:00:34]} 43. Nc1 {[%clk 0:00:39]} Rf1
{[%clk 0:00:34]} 44. Rd7 {[%clk 0:00:47]} Bg5 {[%clk 0:00:35]} 45. Nd3
{[%clk 0:00:48]} Bf6 {[%clk 0:00:36]} 46. Nc5 {[%clk 0:00:46]} Be7
{[%clk 0:00:38]} 47. Nxa4 {[%clk 0:00:49]} Rf3+ {[%clk 0:00:51]} 48. Kg2
{[%clk 0:01:04]} Re3 {[%clk 0:00:53]} 49. Nb6 {[%clk 0:01:04]} h3+
{[%clk 0:00:46]} 50. Kf1 {[%clk 0:00:41]} Bh4 {[%clk 0:00:59]} 51. Rd1
{[%clk 0:00:33]} Re1+ {[%clk 0:01:21]} 52. Rxe1 {[%clk 0:00:58]} Rxe1#
{[%clk 0:01:49]} 0-1

[Event "MMM"]
[Site "Galaxy Gesia 22a - Krakow"]
[Date "2022.06.16"]
[Round "1.21"]
[White "Kuciel, Wladyslaw"]
[Black "Pietrzak, Wojciech"]
[Result "0-1"]
[BlackElo "1773"]
[WhiteElo "1930"]
[LiveChessVersion "1.4.8"]

1. d4 {[%clk 1:28:44]} Nf6 {[%clk 1:30:44]} 2. c4 {[%clk 1:29:06]} c5
{[%clk 1:31:09]} 3. d5 {[%clk 1:29:07]} b5 {[%clk 1:31:33]} 4. Nf3
{[%clk 1:29:02]} g6 {[%clk 1:31:07]} 5. e4 {[%clk 1:26:06]} Nxe4 {[%clk 1:29:44]}
6. Bd3 {[%clk 1:26:30]} Qa5+ {[%clk 1:27:51]} 7. Nbd2 {[%clk 1:24:58]} Nd6
{[%clk 1:21:03]} 8. O-O {[%clk 1:21:33]} Bg7 {[%clk 1:20:33]} 9. Re1
{[%clk 1:20:24]} bxc4 {[%clk 1:13:57]} 10. Nxc4 {[%clk 1:17:07]} Nxc4
{[%clk 1:13:08]} 11. Bxc4 {[%clk 1:17:27]} O-O {[%clk 1:13:01]} 12. Rxe7
{[%clk 1:15:47]} d6 {[%clk 1:12:23]} 13. h3 {[%clk 1:09:55]} Nd7 {[%clk 1:10:53]}
14. Bf4 {[%clk 1:09:10]} Qd8 {[%clk 1:09:14]} 15. Re2 {[%clk 1:03:08]} Nb6
{[%clk 1:09:17]} 16. Bb5 {[%clk 1:02:07]} Rb8 {[%clk 1:07:33]} 17. a4
{[%clk 1:00:24]} Bb7 {[%clk 1:06:27]} 18. Bc6 {[%clk 1:00:10]} Ba6
{[%clk 1:05:10]} 19. Rc2 {[%clk 0:56:55]} Nc4 {[%clk 1:04:16]} 20. Qd3
{[%clk 0:47:19]} Rb6 {[%clk 0:56:28]} 21. Rxc4 {[%clk 0:45:08]} Bxc4
{[%clk 0:56:51]} 22. Qxc4 {[%clk 0:45:34]} Rb4 {[%clk 0:57:02]} 23. Qc1
{[%clk 0:40:33]} Bxb2 {[%clk 0:54:39]} 24. Bg5 {[%clk 0:40:58]} f6
{[%clk 0:53:57]} 25. Qe3 {[%clk 0:40:11]} fxg5 {[%clk 0:53:14]} 26. Re1
{[%clk 0:39:22]} Rbf4 {[%clk 0:49:50]} 27. Rb1 {[%clk 0:38:38]} Qf6
{[%clk 0:47:21]} 28. Nxg5 {[%clk 0:36:41]} Be5 {[%clk 0:40:22]} 29. Ne6
{[%clk 0:34:08]} Rxf2 {[%clk 0:40:12]} 30. Nxf8 {[%clk 0:33:35]} Bd4
{[%clk 0:37:44]} 31. Qe6+ {[%clk 0:31:47]} Qxe6 {[%clk 0:38:08]} 32. dxe6
{[%clk 0:31:09]} Rb2+ {[%clk 0:38:29]} 0-1

[Event "MMM"]
[Site "Galaxy Gesia 22a - Krakow"]
[Date "2022.06.16"]
[Round "1.22"]
[White "Rosol, Philip"]
[Black "Berezowski, Szymon"]
[Result "1-0"]
[BlackElo "1924"]
[WhiteElo "1761"]
[LiveChessVersion "1.4.8"]

1. d4 {[%clk 1:30:57]} Nf6 {[%clk 1:30:42]} 2. c4 {[%clk 1:31:21]} c5
{[%clk 1:31:09]} 3. d5 {[%clk 1:31:46]} b5 {[%clk 1:31:32]} 4. cxb5
{[%clk 1:32:10]} a6 {[%clk 1:31:56]} 5. b6 {[%clk 1:32:36]} Qxb6 {[%clk 1:31:55]}
6. Nc3 {[%clk 1:32:20]} d6 {[%clk 1:29:25]} 7. e4 {[%clk 1:27:10]} g6
{[%clk 1:29:23]} 8. h3 {[%clk 1:13:47]} Bg7 {[%clk 1:29:40]} 9. Nf3
{[%clk 1:12:46]} O-O {[%clk 1:20:00]} 10. Bd3 {[%clk 1:11:14]} Bd7
{[%clk 1:16:40]} 11. a4 {[%clk 1:08:29]} e6 {[%clk 1:10:14]} 12. O-O
{[%clk 1:04:39]} Qb4 {[%clk 1:01:23]} 13. Nd2 {[%clk 0:57:09]} exd5
{[%clk 1:00:15]} 14. exd5 {[%clk 0:57:10]} Qd4 {[%clk 0:57:11]} 15. Qc2
{[%clk 0:55:59]} Qh4 {[%clk 0:54:07]} 16. Nc4 {[%clk 0:45:24]} Nh5
{[%clk 0:43:39]} 17. Nxd6 {[%clk 0:33:05]} Nf4 {[%clk 0:38:14]} 18. Bxf4
{[%clk 0:32:09]} Qxf4 {[%clk 0:38:42]} 19. Nc4 {[%clk 0:30:13]} Ra7
{[%clk 0:33:53]} 20. Rae1 {[%clk 0:25:54]} Rb7 {[%clk 0:30:15]} 21. Ne4
{[%clk 0:19:06]} Bd4 {[%clk 0:25:40]} 22. b3 {[%clk 0:19:03]} Bf5
{[%clk 0:23:17]} 23. Ned6 {[%clk 0:18:33]} Bxd3 {[%clk 0:23:08]} 24. Qxd3
{[%clk 0:18:59]} Rd7 {[%clk 0:22:21]} 25. Ne4 {[%clk 0:19:08]} Rxd5
{[%clk 0:22:21]} 26. Qg3 {[%clk 0:18:28]} Qxg3 {[%clk 0:20:59]} 27. Nxg3
{[%clk 0:18:55]} Nc6 {[%clk 0:20:34]} 28. Ne4 {[%clk 0:18:56]} Rb8
{[%clk 0:20:35]} 29. Rb1 {[%clk 0:17:44]} Kg7 {[%clk 0:19:30]} 30. g3
{[%clk 0:15:24]} h6 {[%clk 0:19:49]} 31. Kg2 {[%clk 0:15:47]} f5 {[%clk 0:20:01]}
32. Ned2 {[%clk 0:15:18]} Bc3 {[%clk 0:19:36]} 33. Nf3 {[%clk 0:15:23]} Rd3
{[%clk 0:19:12]} 34. Rfd1 {[%clk 0:13:47]} Rbd8 {[%clk 0:19:15]} 35. Rxd3
{[%clk 0:14:04]} Rxd3 {[%clk 0:19:44]} 36. Ne1 {[%clk 0:10:56]} Rd8
{[%clk 0:18:10]} 37. Rc1 {[%clk 0:10:20]} Bf6 {[%clk 0:17:47]} 38. Ne3
{[%clk 0:10:08]} Be7 {[%clk 0:17:26]} 39. Rc3 {[%clk 0:09:55]} Nb4
{[%clk 0:16:06]} 40. Kf3 {[%clk 0:08:13]} Kf6 {[%clk 0:16:32]} 41. Ke2
{[%clk 0:07:58]} Nc6 {[%clk 0:16:19]} 42. Nd3 {[%clk 0:07:50]} Nd4+
{[%clk 0:16:25]} 43. Kf1 {[%clk 0:08:10]} Ne6 {[%clk 0:15:54]} 44. f4
{[%clk 0:07:10]} g5 {[%clk 0:15:49]} 45. Ke2 {[%clk 0:07:09]} Rb8
{[%clk 0:16:02]} 46. Nd5+ {[%clk 0:07:22]} Kf7 {[%clk 0:16:29]} 47. Ne5+
{[%clk 0:07:44]} Ke8 {[%clk 0:16:32]} 48. Nxe7 {[%clk 0:08:05]} Rb7
{[%clk 0:15:39]} 49. Nxf5 {[%clk 0:08:25]} Rb4 {[%clk 0:14:45]} 50. Nc4
{[%clk 0:05:36]} gxf4 {[%clk 0:14:59]} 51. gxf4 {[%clk 0:05:05]} Nxf4+
{[%clk 0:15:17]} 52. Kf2 {[%clk 0:05:07]} h5 {[%clk 0:15:29]} 53. Rf3
{[%clk 0:05:16]} Ne6 {[%clk 0:15:11]} 54. Ng3 {[%clk 0:03:48]} Nd4
{[%clk 0:15:20]} 55. Re3+ {[%clk 0:04:11]} Kf8 {[%clk 0:15:48]} 56. Nd2
{[%clk 0:03:51]} h4 {[%clk 0:16:17]} 57. Nge4 {[%clk 0:04:07]} c4
{[%clk 0:16:09]} 58. bxc4 {[%clk 0:03:20]} Rxa4 {[%clk 0:16:38]} 59. c5
{[%clk 0:02:54]} Ra2 {[%clk 0:16:52]} 60. Rd3 {[%clk 0:02:42]} Ne6
{[%clk 0:17:10]} 61. Ke3 {[%clk 0:02:15]} Rc2 {[%clk 0:17:09]} 62. Rd6
{[%clk 0:02:08]} Nxc5 {[%clk 0:16:10]} 63. Rc6 {[%clk 0:02:14]} Rc1
{[%clk 0:15:47]} 64. Rxc5 {[%clk 0:02:16]} Rh1 {[%clk 0:16:14]} 65. Rf5+
{[%clk 0:02:29]} Kg8 {[%clk 0:16:37]} 66. Nf2 {[%clk 0:02:34]} Re1+
{[%clk 0:16:54]} 67. Kd3 {[%clk 0:01:59]} Ra1 {[%clk 0:17:22]} 68. Rf4
{[%clk 0:02:09]} a5 {[%clk 0:17:45]} 69. Rxh4 {[%clk 0:02:15]} a4
{[%clk 0:18:13]} 70. Kc3 {[%clk 0:02:04]} a3 {[%clk 0:18:41]} 71. Ra4
{[%clk 0:01:57]} Re1 {[%clk 0:18:56]} 72. Rxa3 {[%clk 0:02:07]} Kh7
{[%clk 0:19:17]} 73. Kd3 {[%clk 0:02:25]} Rg1 {[%clk 0:19:43]} 74. Ke2
{[%clk 0:02:44]} Kh6 {[%clk 0:20:08]} 75. Ra5 {[%clk 0:02:42]} Kh7
{[%clk 0:20:34]} 76. Kf3 {[%clk 0:03:03]} Rg8 {[%clk 0:21:00]} 77. Nde4
{[%clk 0:03:21]} Rf8+ {[%clk 0:21:28]} 78. Kg3 {[%clk 0:03:42]} Kh8
{[%clk 0:21:54]} 79. h4 {[%clk 0:03:58]} Rb8 {[%clk 0:22:23]} 80. Ra7
{[%clk 0:04:13]} Rc8 {[%clk 0:22:51]} 81. Kg4 {[%clk 0:04:35]} Rb8
{[%clk 0:23:15]} 82. h5 {[%clk 0:04:50]} Rc8 {[%clk 0:23:44]} 83. Nf6
{[%clk 0:04:44]} Rc4+ {[%clk 0:24:06]} 84. N2e4 {[%clk 0:05:04]} Rc7
{[%clk 0:24:26]} 85. Ra8+ {[%clk 0:05:10]} Kg7 {[%clk 0:24:55]} 86. Rg8+
{[%clk 0:05:16]} Kf7 {[%clk 0:25:17]} 87. h6 {[%clk 0:05:30]} Rc1
{[%clk 0:25:11]} 88. h7 1-0